[Event "SUI-ch Hauptturnier II"]
[Site "Graechen"]
[Date "1999.??.??"]
[Round "2"]
[White "Schmid, Hans Rudolf"]
[Black "Hennet, Jerome"]
[Result "1-0"]
[WhiteElo "1770"]
[BlackElo "1670"]
[PlyCount "55"]
[EventDate "1999.07.??"]
[EventType "swiss"]
[EventRounds "7"]
[EventCountry "SUI"]
[SourceTitle "EXT 2002"]
[Source "ChessBase"]
[SourceDate "2001.11.25"]
[SourceVersion "1"]
[SourceVersionDate "2001.11.25"]
[SourceQuality "1"]

1. b4 c6 2. c4 e5 3. a3 d5 4. e3 Be6 5. cxd5 Bxd5 6. Nf3 Nd7 7. Bb2 Bd6 8. Nc3 Be6 9. Ne4 Bc7 10. Neg5 Bg4 11. Qb3 Nh6 12. Bc4 0-0 13. h4 Qe7 14. Nh2 Bh5 15. g3 Nb6 16. Bd3 Rad8 17. Bxh7+ Kh8 18. Bc2 Nd5 19. g4 Bg6 20. Bxg6 fxg6 21. 0-0-0 Nf6 22. Qe6 Rfe8 23. Qxe7 Rxe7 24. e4 Rd3 25. Kc2 Red7 26. Ne6 Bb8 27. Nf8 Rd8 28. Nxg6+ 1-0